Study of COVID-19 Analysis Using Python for future Health Planning and Policy (Record no. 370071)

MARC details
000 -LEADER
fixed length control field 00470nam a22001457a 4500
005 - DATE AND TIME OF LATEST TRANSACTION
control field 20260122162418.0
008 - FIXED-LENGTH DATA ELEMENTS--GENERAL INFORMATION
fixed length control field 260122b |||||||| |||| 00| 0 eng d
041 ## - LANGUAGE CODE
Language code of text/sound track or separate title eng
082 ## - DEWEY DECIMAL CLASSIFICATION NUMBER
Item number DHA
100 ## - MAIN ENTRY--PERSONAL NAME
Author Dhayreekar Swapnali- 2k241086 & Dr. Ganesh Lotke- Guide
245 ## - TITLE STATEMENT
Title Study of COVID-19 Analysis Using Python for future Health Planning and Policy
260 ## - PUBLICATION, DISTRIBUTION, ETC.
Place of publication, distribution, etc. Pune
Name of publisher, distributor, etc. Savitribai Phule Pune University
Date of publication, distribution, etc. 2025
300 ## - PHYSICAL DESCRIPTION
Extent 57p
Other physical details Hard Bound
942 ## - ADDED ENTRY ELEMENTS (KOHA)
Koha item type Project Reports
Holdings
Withdrawn status Lost status Source of classification or shelving scheme Damaged status Not for loan Home library Current library Date acquired Total Checkouts Full call number Barcode Date last seen Bill Date Koha item type Original Barcode
    Dewey Decimal Classification     Smt. Hiraben Nanavati Institute of Management & Research for Women Smt. Hiraben Nanavati Institute of Management & Research for Women 22/01/2026   DHA HIMR-PR-862 22/01/2026 22/01/2026 Project Reports PR862